May 30th: Birthdays - Statistics

General Stats
  • This quiz has been taken 4 times
  • The average score is 2 of 9
Answer Stats
Year Clue Answer % Correct
1971 Actress in Frozen Idina Menzel
75%
1943 One of the main characters in Brian's Song Gale Sayers
50%
1220 Prince of Novgorod Alexander Nevsky
25%
1934 First to walk in space Alexey Leonov
0%
1909 Part of band Big Bad Voodoo Daddy Benny Goodman
0%
1955 Won Nobel Prize Brian Koblika
0%
1757 British Prime Minister Henry Addington
0%
1916 Soviet Sniper Lyudmila Pavlichenko
0%
1964 Artist of Audioslave Tom Morello
0%
No matching quizzes found
Score Distribution
Percent of People with Each Score
Percentile by Number Answered
Your Score History
You have not taken this quiz